000 00522nam a2200181Ia 4500
003 GCL
008 140319s9999 xx 000 0 ara d
040 _aGCL /
_cGCL
082 0 4 _a720.9
_bص ن
100 1 _aصالح لمعى مصطفى
245 1 0 _aنظرة على العمارة الاوروبية /
_cصالح لمعى مصطفى
300 _aمتعدد
490 _a
650 0 4 _aالقصور
650 0 4 _aالعمارة الاوروبية
650 0 4 _aعصر النهضة (1300 - 1494)
942 _2ddc
_cBK
999 _c37865
_d37865